Annual book of ASTM standards; 2005 (Record no. 550528)

000 -LEADER
fixed length control field 00466nam a22001457a 4500
022 ## - INTERNATIONAL STANDARD SERIAL NUMBER
International Standard Serial Number 080313939X
082 ## - DEWEY DECIMAL CLASSIFICATION NUMBER
Classification number 620.135
Author Mark AST
-- N-01, P-89
100 ## - MAIN ENTRY--PERSONAL NAME
Personal name ASTM
9 (RLIN) 25089
245 ## - TITLE STATEMENT
Title Annual book of ASTM standards; 2005
Remainder of title Section four construction, Volume 04.11; Building constructions (I): E 72 - E 1670
260 ## - PUBLICATION, DISTRIBUTION, ETC.
Place of publication, distribution, etc. USA:
Name of publisher, distributor, etc. ASTM;
Date of publication, distribution, etc. 2005
300 ## - PHYSICAL DESCRIPTION
Extent xxv,1437 p;
Other physical details ill:;
Dimensions 24 cm
526 ## - STUDY PROGRAM INFORMATION NOTE
Program name 0
Interest level 0
Reading level 0
Title point value 620_135000000000000_AST
650 ## - SUBJECT ADDED ENTRY--TOPICAL TERM
Topical term or geographic name entry element NUST
9 (RLIN) 6342
942 ## - ADDED ENTRY ELEMENTS (KOHA)
Source of classification or shelving scheme
Koha item type Book
Holdings
Withdrawn status Lost status Source of classification or shelving scheme Damaged status Not for loan Permanent Location Current Location Date acquired Total Checkouts Full call number Barcode Date last seen Price effective from Koha item type
          Military College of Engineering (MCE) Military College of Engineering (MCE) 11/13/2014   620.135 AST MCE-36421 11/13/2014 03/14/2021 Book
© 2023 Central Library, National University of Sciences and Technology. All Rights Reserved.